Formula One Race Winners 1980s - Sudden Death - Statistics

General Stats
  • This quiz has been taken 182 times
  • The average score is 12 of 21
Answers on the Grid
Answers color-coded by a green-red scale on the quiz's grid according to % correct below.
Stefan Johansson
Ronnie Peterson
Riccardo Patrese
Niki Lauda
Thierry Boutsen
Nigel Mansell
Nelson Piquet
Michele Alboreto
Marc Surer
Elio de Angelis
John Watson
Patrick Tambay
Jody Scheckter
René Arnoux
Jean-Pierre Jabouille
Alan Jones
Keke Rosberg
Jean Alesi
Jacques Laffite
Gilles Villeneuve
Gerhard Berger
Derek Warwick
Clay Regazzoni
Carlos Reutemann
Ayrton Senna
Alessandro Nannini
Didier Pironi
Alain Prost
 
Answer Stats
Answer % Correct
Nelson Piquet
92%
Niki Lauda
92%
Nigel Mansell
82%
Alain Prost
71%
Riccardo Patrese
67%
Ayrton Senna
65%
Alan Jones
63%
Keke Rosberg
63%
John Watson
59%
Michele Alboreto
57%
Gilles Villeneuve
55%
Patrick Tambay
51%
Didier Pironi
49%
Elio de Angelis
47%
Gerhard Berger
47%
René Arnoux
47%
Thierry Boutsen
45%
Carlos Reutemann
43%
Jacques Laffite
41%
Alessandro Nannini
39%
Jean-Pierre Jabouille
24%
No matching quizzes found
Score Distribution
Percent of People with Each Score
Percentile by Number Answered
Your Score History
You have not taken this quiz